000 00287nam a2200121Ia 4500
008 190216s9999||||xx |||||||||||||| ||und||
100 _aAmarchand D
245 0 _aGoverment And Business
260 _bTata Mcgrawhill Publishers
_c1991
300 _a270p
650 _aCommerce
942 _cBK
999 _c5517
_d5517